000
002540000a22000970004500
100
1
_a
Escandón, Rafael
245
1
0
_a
¿Por qué la comunicación?
300
_a
Vol. 53, Núm 236 (1998), Páginas 15-17
773
0
_t
La Biblia de las Américas
942
_c
ANA
999
_c
51489
_d
51489